000 01294cam a2200241 4500
001 WB3637-07
008 000000n2000 000 0 eng u
035 _a(Sirsi) u108411
245 _aCancer link to power lines
260 _c2000
490 _aGuardian
_v 21 September 2000, 2;
490 _aDaily Telegraph
_v 22 September 2000, 11(2)
520 _aA research team from Bristol University present new evidence that high voltage power lines cause cancer by making particles of pollution stick to people's lungs. Research shows that car exhaust particles get an electrical charge from nearby power lines that makes them 'sticky' meaning that people living nearby get up to three times the daily exposure of pollutants in their lungs. A scientific advisor for the Electricity Association accepts that power cables affect airborne particles, but not that the research shows there is an affect on health. More information available at: http://www.electric-fields.bris.ac.uk ; http://www.nrpb.org.uk ; http://electricity.org.uk
590 _aWB
650 _aOVERHEAD POWER LINES
650 _aELECTRICITY ASSOCIATION
650 _aBRISTOL UNIVERSITY
650 _aCANCER
650 _aPOLLUTION
650 _aHEALTH HAZARDS
690 _aENVIRONMENT-CONTAMINATION
942 _n0
999 _c64727
_d64727